| Tag |
First Indicator |
Second Indicator |
Subfields |
| LEADER |
00000cam a2200000 a 4500 |
| 001 |
in00000014370 |
| 005 |
20151007052211.0 |
| 008 |
861210s1987 nyua b 00110 eng |
| 010 |
|
|
|a 86032500
|
| 020 |
|
|
|a 0471828963
|
| 035 |
|
|
|a (OCoLC)15018147
|
| 035 |
|
|
|9 AAA6736AM
|
| 040 |
|
|
|a DLC
|c DLC
|d TXA
|d UtOrBLW
|
| 049 |
|
|
|a TXAM
|c [A12644998]
|
| 050 |
0 |
0 |
|a TK7872.F5
|b P37 1987
|
| 082 |
0 |
|
|a 621.3815/324
|2 19
|
| 100 |
1 |
|
|a Parks, T. W.
|
| 245 |
1 |
0 |
|a Digital filter design /
|c T.W. Parks, C.S. Burrus.
|
| 264 |
|
1 |
|a New York :
|b Wiley,
|c [1987]
|
| 264 |
|
4 |
|c ©1987
|
| 300 |
|
|
|a xv, 342 pages :
|b illustrations ;
|c 24 cm.
|
| 336 |
|
|
|a text
|b txt
|2 rdacontent
|
| 337 |
|
|
|a unmediated
|b n
|2 rdamedia
|
| 338 |
|
|
|a volume
|b nc
|2 rdacarrier
|
| 490 |
1 |
|
|a Topics in digital signal processing
|
| 500 |
|
|
|a "A Wiley-Interscience publication."
|
| 504 |
|
|
|a Includes bibliographies and index.
|
| 650 |
|
0 |
|a Electric filters, Digital
|x Design and construction.
|
| 700 |
1 |
|
|a Burrus, C. S.
|
| 830 |
|
0 |
|a Topics in digital signal processing.
|
| 999 |
|
|
|a MARS
|
| 999 |
f |
f |
|s 0fbcc5d0-2e5d-39c1-a9f6-fa48e6e08ace
|i c14ed172-1f4b-388b-9237-8f6cb34f5d2b
|t 0
|
| 952 |
f |
f |
|p normal
|a Texas A&M University
|b College Station
|c Sterling C. Evans Library
|d Evans: Library Stacks
|t 0
|e TK7872.F5 P37 1987
|h Library of Congress classification
|i unmediated -- volume
|m A14812644998
|
| 998 |
f |
f |
|a TK7872.F5 P37 1987
|t 0
|l Evans: Library Stacks
|